| 000 | 00494nam a22001817a 4500 | ||
|---|---|---|---|
| 003 | CEME | ||
| 005 | 20210628210739.0 | ||
| 008 | 210212b xxu||||| |||| 00| 0 eng d | ||
| 020 | _a0-7803-3411-6 | ||
| 040 | _c. | ||
| 082 | _a530.141 CLE | ||
| 100 |
_aClemmow, P.C _980822 |
||
| 245 | _aThe plane wave spectrum representation of electromagnetic fields | ||
| 260 |
_aOXFORD _bOXFORD UNIVERSITY PRESS _c1996 |
||
| 300 | _a199P | ||
| 650 |
_aELECTROMAGNETIC FIELDS _910532 |
||
| 942 |
_cBK _2ddc |
||
| 999 |
_c585688 _d585688 |
||